Gerontologic nursing / (Record no. 5850)

MARC details
000 -LEADER
fixed length control field 01271cam a2200385 i 4500
001 - CONTROL NUMBER
control field 18286170
003 - CONTROL NUMBER IDENTIFIER
control field OSt
005 - DATE AND TIME OF LATEST TRANSACTION
control field 20170926161436.0
008 - FIXED-LENGTH DATA ELEMENTS--GENERAL INFORMATION
fixed length control field 140828s2015 mouab b 001 0 eng
010 ## - LIBRARY OF CONGRESS CONTROL NUMBER
LC control number 2014034663
020 ## - INTERNATIONAL STANDARD BOOK NUMBER
International Standard Book Number 9780323031462
035 ## - SYSTEM CONTROL NUMBER
System control number (DNLM)101640224
040 ## - CATALOGING SOURCE
Original cataloging agency DNLM/DLC
Transcribing agency DLC
Description conventions rda
Modifying agency DLC
042 ## - AUTHENTICATION CODE
Authentication code pcc
082 ## - DEWEY DECIMAL CLASSIFICATION NUMBER
Classification number WY 100
Item number M475g 2006
100 ## - MAIN ENTRY--PERSONAL NAME
Personal name Meiner, Sue E.
9 (RLIN) 12158
130 0# - MAIN ENTRY--UNIFORM TITLE
Uniform title Gerontologic nursing (Lueckenotte)
9 (RLIN) 12159
245 10 - TITLE STATEMENT
Title Gerontologic nursing /
Statement of responsibility, etc. Sue E. Meiner, Annette G. Lueckenotte
250 ## - EDITION STATEMENT
Edition statement Third edition.
264 #1 - PRODUCTION, PUBLICATION, DISTRIBUTION, MANUFACTURE, AND COPYRIGHT NOTICE
Place of production, publication, distribution, manufacture Mosby :
Name of producer, publisher, distributor, manufacturer Elsevier,
Date of production, publication, distribution, manufacture, or copyright notice 2006
300 ## - PHYSICAL DESCRIPTION
Extent xxiii, 775 pages :
Other physical details color illustrations, color map ;
Dimensions 28 cm
336 ## - CONTENT TYPE
Content type term text
Source rdacontent
337 ## - MEDIA TYPE
Media type term unmediated
Source rdamedia
338 ## - CARRIER TYPE
Carrier type term volume
Source rdacarrier
504 ## - BIBLIOGRAPHY, ETC. NOTE
Bibliography, etc Includes bibliographical references and index.
650 12 - SUBJECT ADDED ENTRY--TOPICAL TERM
Topical term or geographic name as entry element Geriatric Nursing.
9 (RLIN) 12160
650 22 - SUBJECT ADDED ENTRY--TOPICAL TERM
Topical term or geographic name as entry element Aged
General subdivision psychology.
9 (RLIN) 12161
650 22 - SUBJECT ADDED ENTRY--TOPICAL TERM
Topical term or geographic name as entry element Chronic Disease
General subdivision nursing.
9 (RLIN) 12162
650 22 - SUBJECT ADDED ENTRY--TOPICAL TERM
Topical term or geographic name as entry element Long-Term Care.
9 (RLIN) 12163
650 22 - SUBJECT ADDED ENTRY--TOPICAL TERM
Topical term or geographic name as entry element Terminal Care.
9 (RLIN) 10785
700 1# - ADDED ENTRY--PERSONAL NAME
Personal name Lueckenotte, Annette G.
9 (RLIN) 12164
906 ## - LOCAL DATA ELEMENT F, LDF (RLIN)
a 7
b cbc
c orignew
d 1
e ecip
f 20
g y-gencatlg
942 ## - ADDED ENTRY ELEMENTS (KOHA)
Source of classification or shelving scheme Other/Generic Classification Scheme
Koha item type Open Shelf
Holdings
Withdrawn status Lost status Source of classification or shelving scheme Damaged status Not for loan Home library Current library Date acquired Source of acquisition Inventory number Total Checkouts Full call number Barcode Date last seen Price effective from Koha item type
    Other/Generic Classification Scheme     MUST Main Library MUST Main Library 26/09/2017   2011/35220   WY 100 M475g 2006 2017-0849 26/09/2017 26/09/2017 Open Shelf